Stochastic methods in quantum mechanics

Αποθηκεύτηκε σε:
Λεπτομέρειες βιβλιογραφικής εγγραφής
Κύριος συγγραφέας: Gudder, Stanley
Μορφή: Βιβλίο
Γλώσσα:English
Δημοσίευση: Mineola, New York : Dover Publications, 2005.
Θέματα:
Ετικέτες: Προσθήκη ετικέτας
Δεν υπάρχουν, Καταχωρήστε ετικέτα πρώτοι!

MARC

LEADER 00000nam a2200000 a 4500
001 1/126885
008 230619t20051979nyu| ||| |||| ||eng||
020 |a 0486445321  |q (χαρτόδετο) 
040 |a GR-MyUa  |b gre  |c GR-MyUa  |e AACR2 
041 0 |a eng 
082 7 |a 530.12   |2 (23) 
100 1 |a Gudder, Stanley. 
245 1 0 |a Stochastic methods in quantum mechanics /   |c Stanley P. Gudder.  
260 |a Mineola, New York :   |b Dover Publications,   |c 2005.  
300 |a x, 219 σ. :   |b εικ. ;   |c 22 εκ.  
500 |a Originally published: New York : Elsevier North Holland, 1979, in series: North Holland series in probability and applied mathematics. 
504 |a Περιέχει βιβλιογραφικές αναφορές (σ. 201-213) και ευρετήριο.  
650 0 |a Stochastic processes 
650 0 |a Quantum theory 
852 |a INST  |b SAMOS  |e 20230619  |h 530.12 GUD  |p 005300047907  |q 005300047907  |t BK  |y 0 
970 |a Γουβάλα  |b Βάσω  |z 19-06-2023